| 000 | 00537nam a2200169Ia 4500 | ||
|---|---|---|---|
| 008 | 151213s9999 xx 000 0 und d | ||
| 020 | _a984-508-297-1 | ||
| 082 |
_a310.5492 _b310.5492 |
||
| 100 | _aBangladesh Bureou of Statistics | ||
| 245 |
_aPopulation Health , Social , Household Environment Statistics, 1996 _cBangladesh Bureou of Statistics |
||
| 260 |
_aDhaka _bB B S _c1997 |
||
| 300 | _a6381 p. | ||
| 650 | _aReference | ||
| 650 | _aStatistics Report : Reference | ||
| 700 | _aBangladesh Bureou of Statistics | ||
| 999 |
_c3515 _d3515 |
||